000 00760nam a2200241 i 4500
001 36898
003 ES-MaACL
005 20250801043712.0
007 t|
008 030219s1977 sp |||| | spa d
100 1 _aBrun, Jean.
_932140
245 1 3 _aLa desnudez humana /
_cJean Brun ; prólogo, Juan Rof Carballo ; [traducción, Ernestina de Champurcin].
260 _a[Madrid] :
_bE.M.E.S.A.,
_c[1977]
300 _a283 p. ;
_c19 cm.
490 1 _aEnsayos Aldaba
650 _aDesnudez.
_9160657
700 1 _aRof Carballo, Juan,
_d1905-1994
_998915
700 1 _aChampourcin, Ernestina de,
_d1905-1999
_937933
830 0 _aEnsayos Aldaba
_9182032
852 _aES-MaACL
_jA-6978
852 _aES-MaACL
_jA-8545
999 _c36898
_d36898